000 00372cam a2200145ua 4500
041 _aeng
_h
082 _a628.114
_bHAL/DR
100 _aHal Werner, P E .
245 _aDrilling an irrigation well /
_cP E Hal Werner.
_hTextual Documents
260 _aJodhpur :
_bScientific Publishers ,
_c1953.
300 _a25 ; .
504 _a
942 _cBK
999 _c12088
_d12088